European Basketball Championship (EuroBasket) Winners - 30 Second Sprint - Statistics

General Stats
  • This quiz has been taken 71 times
  • The average score is 8 of 14
Answer Stats
Year(s) Answer % Correct
2009,2011,2015,2022 Spain
93%
1973,1975,1977,1989,1991,1995,1997,2001 Yugoslavia
86%
2013 France
82%
1947,1951,1953,1957,1959,1961,1963,1965,1967,1969,1971,1979,1981,1985 Soviet Union
81%
1993,2025 Germany
79%
2007 Russia
72%
1983,1999 Italy
68%
1987,2005 Greece
63%
1937,1939,2003 Lithuania
58%
2017 Slovenia
47%
1935 Latvia
42%
1949 Egypt
26%
1955 Hungary
23%
1946 Czechoslovakia
19%
No matching quizzes found
Score Distribution
Percent of People with Each Score
Percentile by Number Answered
Your Score History
You have not taken this quiz